NOVEL BIOLOGICAL METHOD OF WOOD-PRETREATMENT BEFORE PULPING

Bibliographic Details
Main Authors: Košíková, Božena, 1938-2020 (Author), Sláviková, Elena (Author), Mikulášová, Mária, 1955- (Author)
Format: Article
Language:English

MARC

LEADER 00000nab a2200000uu 4500
001 vtls010887048
003 SK-MaSNL
005 20260303221423.0
008 230218|2001 xo |||||||||||||||||eng|
015 |a SNBRB 
035 |a (urnnbn)urn:nbn:sk:snk:ar-003gwv 
035 |a (uuid)0035116a-9f75-40fa-83e7-3c675ec70dbb 
035 |a urn:nbn:sk:snk-ab8hu8 
040 |a SNKBUCL  |b slo  |c SNKBUCL  |e AACR2 
041 0 |a eng 
044 |a xo  |c SK 
100 1 |a Košíková, Božena,  |d 1938-2020  |4 aut  |9 222453 
245 1 0 |a NOVEL BIOLOGICAL METHOD OF WOOD-PRETREATMENT BEFORE PULPING  |c Božena Košíková, Elena Sláviková, Mária Mikulášová 
700 1 |a Sláviková, Elena  |4 aut  |9 6075 
700 1 |a Mikulášová, Mária,  |d 1955-  |4 aut  |9 11090 
773 0 |t Drevársky výskum : sborník prác z odboru výskumu dreva  |g Roč. 46, č. 3 (2001), s. 21-28 
958 |a OND 
958 |a EUIPO 
958 |a article10 
999 |c 2233913  |d 2235843